00362nam a22001337a 4500003000400000008004100004082001700045100002000062245005900082260003200141300000900173502001500182650003100197OSt260423b |||||||| |||| 00| 0 eng d a634.43bS16S aKumar, Sarvjeet aStudies on Floral Biology of Sapota (Achrws Sapota L.) aPusa, SamastipurbRAUc1988 a62P. bMsc.d1988 aFruti and Fruit Technology